Todos los concursantes de LIDLT - Parte 1 - Estadísticas

Estadísticas generales
  • Esta prueba ha sido intentada 8 veces
  • La puntuación promedio es 23 de 52
Estadísticas de respuestas
Temporada Concursante % Correcto
1 Estefanía Carbajo
83%
3 Lucía Sánchez
83%
3 Manuel González
83%
2 Marta Peñate
83%
1 Alex Bueno
67%
1 Fiama Rodríguez
67%
1 Gonzalo Montoya
67%
3 Hugo Pérez
67%
5 Manuel Villena
67%
5 Mario González
67%
1 Susana Molina
67%
2 Tom Brusse
67%
1 Andrea Gasca
50%
1 Christopher Guzmán
50%
3 Claudia Acevedo
50%
5 Claudia Martínez
50%
2 Cristian Jérez
50%
5 Cristian López
50%
3 Diego Pérez
50%
5 Javi Redondo
50%
3 Jesús Sánchez
50%
1 José Sánchez
50%
2 Lester Duqe
50%
3 Lola Mencía
50%
3 Marina García
50%
2 Melyssa Pinto
50%
2 Pablo Moya
50%
5 Tania Déniz
50%
4 Tania Medina
50%
1 Adelina Seres
33%
4 Alejandro Nieto
33%
4 Álvaro Broix
33%
5 Ana Nicolás
33%
4 Gal-a Mora
33%
1 Ismael Vázquez
33%
4 Josué Bernal
33%
3 Lara Tronti
33%
5 Laura Casabela
33%
5 Lydia Pérez
33%
2 Mayka Rivera
33%
2 Melodie Peñalver
33%
4 Nico Graiu
33%
4 Zoe Bayona
33%
5 Andreu Martí
17%
2 Ángel De Los Campos
17%
4 Darío Sellés
17%
2 Inma Campano
17%
5 Paola Monzani
17%
3 Raúl Ginés
17%
4 Rosario Cerdán
17%
5 Samuel Chávez
17%
4 Sandra Férriz
17%
No se encontraron pruebas coincidentes
Distribución de puntuación
Porcentaje de gente con cada puntuación
Porcentaje por número respondido
Historial de tus puntuaciones
No has intentado esta prueba.